Terrible U.S. State Spellings Accepted by JetPunk - Statistics

General Stats
  • This quiz has been taken 21 times
  • The average score is 11 of 12
Answer Stats
Terrible Correct % Correct
alleebamma Alabama
100%
arkinsaw Arkansas
100%
collerado Colorado
100%
connetacut Connecticut
100%
michegon Michigan
100%
ilanis Illinois
95%
luusiana Louisiana
95%
orogon Oregon
95%
masichusits Massachusetts
90%
mini soda Minnesota
90%
pensalvania Pennsylvania
90%
tenasssee Tennessee
90%
No matching quizzes found
Score Distribution
Percent of People with Each Score
Percentile by Number Answered
Your Score History
You have not taken this quiz